[Event "Altenkirchen Seniors op 18th"]
[Site "Altenkirchen"]
[Date "2021.07.05"]
[Round "4"]
[White "Schulze Forsthoevel, Manfred"]
[Black "Beddegenoodts, Marc"]
[Result "1/2-1/2"]
[WhiteElo "1543"]
[BlackElo "1382"]
[PlyCount "45"]
[EventDate "2021.07.02"]
[EventType "swiss"]
[EventRounds "9"]
[EventCountry "GER"]
[SourceTitle "CBM 203 Extra"]
[Source "ChessBase"]
[SourceDate "2021.09.30"]
[SourceVersion "1"]
[SourceVersionDate "2021.09.30"]
[SourceQuality "1"]

1. d4 Nf6 2. Nc3 d5 3. Bg5 c5 4. Bxf6 exf6 5. e3 Be6 6. Nf3 Nc6 7. Bb5 a6 8. Bxc6+ bxc6 9. dxc5 Bxc5 10. Nd4 Bd7 11. 0-0 0-0 12. a3 f5 13. b4 Bd6 14. Nce2 Qc7 15. g3 Be5 16. Rc1 Be6 17. Nf4 Bxf4 18. gxf4 g6 19. Qf3 c5 20. bxc5 Qxc5 21. Ra1 Rfc8 22. h4 h5 23. Kg2 1/2-1/2